Giải pháp hạn chế rủi ro tín dụng tại ngân hàng Thương mại Cổ phần Á Châu Chi nhánh Cần Thơ : Luận văn thạc sĩ kinh tế: Ngành tài chính ngân hàng
Mục tiêu của đề tài là phân tích các nhân tố ảnh hưởng đến rủi ro tín dụng tại ngân hàng Thương mại Cổ phần Á Châu Chi nhánh Cần Thơ, từ đó đề xuất một số giải pháp hạn chế rủi ro tín dụng tại Ngân hàng TMCP Á Châu Chi nhánh Cần Thơ....
Đã lưu trong:
| 主要作者: | |
|---|---|
| 格式: | 圖書 |
| 語言: | Undetermined |
| 出版: |
Cần Thơ
Đại học Cần Thơ
2013
|
| 主題: | |
| 標簽: |
添加標簽
沒有標簽, 成為第一個標記此記錄!
|
| Thư viện lưu trữ: | Trung tâm Học liệu Trường Đại học Cần Thơ |
|---|
| LEADER | 01273nam a2200217Ia 4500 | ||
|---|---|---|---|
| 001 | CTU_183805 | ||
| 008 | 210402s9999 xx 000 0 und d | ||
| 082 | |a 332.31 | ||
| 082 | |b T305 | ||
| 088 | |a 62340201 | ||
| 100 | |a Vương, Nguyệt Tiên | ||
| 245 | 0 | |a Giải pháp hạn chế rủi ro tín dụng tại ngân hàng Thương mại Cổ phần Á Châu Chi nhánh Cần Thơ : | |
| 245 | 0 | |b Luận văn thạc sĩ kinh tế: Ngành tài chính ngân hàng | |
| 245 | 0 | |c Vương Nguyệt Tiên ; Trương Đông Lộc (Người hướng dẫn khoa học) | |
| 260 | |a Cần Thơ | ||
| 260 | |b Đại học Cần Thơ | ||
| 260 | |c 2013 | ||
| 520 | |a Mục tiêu của đề tài là phân tích các nhân tố ảnh hưởng đến rủi ro tín dụng tại ngân hàng Thương mại Cổ phần Á Châu Chi nhánh Cần Thơ, từ đó đề xuất một số giải pháp hạn chế rủi ro tín dụng tại Ngân hàng TMCP Á Châu Chi nhánh Cần Thơ. | ||
| 650 | |a Ngân hàng và nghiệp vụ ngân hàng,Banks and banking,Credit | ||
| 904 | |i Tôn Trúc Quân | ||
| 980 | |a Trung tâm Học liệu Trường Đại học Cần Thơ | ||